<?xml version="1.0" encoding="UTF-8"?>
<record
    xmlns:xsi="http://www.w3.org/2001/XMLSchema-instance"
    xsi:schemaLocation="http://www.loc.gov/MARC21/slim http://www.loc.gov/standards/marcxml/schema/MARC21slim.xsd"
    xmlns="http://www.loc.gov/MARC21/slim">

  <leader>00912nam a2200277 i 4500</leader>
  <controlfield tag="001">C2-0266043</controlfield>
  <controlfield tag="003">PPAK</controlfield>
  <controlfield tag="005">20180727233804.0</controlfield>
  <controlfield tag="008">050717s2004    xx a|||| |||||  |   eng d</controlfield>
  <datafield tag="020" ind1=" " ind2=" ">
    <subfield code="a">9814161144</subfield>
  </datafield>
  <datafield tag="040" ind1=" " ind2=" ">
    <subfield code="a">PPAK</subfield>
    <subfield code="b">eng</subfield>
    <subfield code="c">PPAK</subfield>
    <subfield code="e">rda</subfield>
  </datafield>
  <datafield tag="082" ind1="0" ind2="4">
    <subfield code="a">297.2</subfield>
    <subfield code="2">23</subfield>
  </datafield>
  <datafield tag="090" ind1="0" ind2="0">
    <subfield code="a">297.2</subfield>
    <subfield code="b">MAJ</subfield>
    <subfield code="d">K</subfield>
  </datafield>
  <datafield tag="100" ind1="1" ind2=" ">
    <subfield code="a">Majeed, Fatimah S.A, </subfield>
    <subfield code="e">author</subfield>
  </datafield>
  <datafield tag="245" ind1="1" ind2="0">
    <subfield code="a">We know the seerah the family of Nabee Muhammad (sallallaahu 'alaihi wasallam)</subfield>
  </datafield>
  <datafield tag="264" ind1=" " ind2="1">
    <subfield code="a">[place of publication not identified] : </subfield>
    <subfield code="b">Ze Majeed's Publishing , </subfield>
    <subfield code="c">2004</subfield>
  </datafield>
  <datafield tag="300" ind1=" " ind2=" ">
    <subfield code="a">46 pages : </subfield>
    <subfield code="b">colour illustrations ; </subfield>
    <subfield code="c">26 cm</subfield>
  </datafield>
  <datafield tag="336" ind1=" " ind2=" ">
    <subfield code="2">rdacontent</subfield>
    <subfield code="a">text</subfield>
  </datafield>
  <datafield tag="337" ind1=" " ind2=" ">
    <subfield code="2">rdamedia</subfield>
    <subfield code="a">unmediated</subfield>
  </datafield>
  <datafield tag="338" ind1=" " ind2=" ">
    <subfield code="2">rdacarrier</subfield>
    <subfield code="a">volume</subfield>
  </datafield>
  <datafield tag="490" ind1="1" ind2=" ">
    <subfield code="a">Teach your child Islam learning series</subfield>
  </datafield>
  <datafield tag="500" ind1=" " ind2=" ">
    <subfield code="a">At-Tawheed; book 14</subfield>
  </datafield>
  <datafield tag="650" ind1="1" ind2="0">
    <subfield code="a">Faith (Islam). ; Islam - Doctrine.</subfield>
  </datafield>
  <datafield tag="830" ind1=" " ind2="0">
    <subfield code="a">Teach your child Islam learning series</subfield>
  </datafield>
  <datafield tag="942" ind1=" " ind2=" ">
    <subfield code="d">dc</subfield>
    <subfield code="c">B</subfield>
  </datafield>
  <datafield tag="999" ind1=" " ind2=" ">
    <subfield code="c">75429</subfield>
    <subfield code="d">75429</subfield>
  </datafield>
  <datafield tag="952" ind1=" " ind2=" ">
    <subfield code="0">0</subfield>
    <subfield code="7">0</subfield>
    <subfield code="b">PPAK</subfield>
    <subfield code="c">K</subfield>
    <subfield code="d">2005-07-18</subfield>
    <subfield code="l">1</subfield>
    <subfield code="o">K 297.2 MAJ</subfield>
    <subfield code="p">A01088188</subfield>
    <subfield code="r">2024-12-01 09:38:18</subfield>
    <subfield code="s">2024-11-14</subfield>
    <subfield code="y">B</subfield>
  </datafield>
  <datafield tag="952" ind1=" " ind2=" ">
    <subfield code="0">0</subfield>
    <subfield code="7">0</subfield>
    <subfield code="b">PPAK</subfield>
    <subfield code="c">K</subfield>
    <subfield code="d">2005-07-18</subfield>
    <subfield code="o">K 297.2 MAJ</subfield>
    <subfield code="p">A01088189</subfield>
    <subfield code="r">2018-05-09 00:00:00</subfield>
    <subfield code="y">B</subfield>
  </datafield>
  <datafield tag="952" ind1=" " ind2=" ">
    <subfield code="0">0</subfield>
    <subfield code="7">0</subfield>
    <subfield code="b">SP</subfield>
    <subfield code="c">K</subfield>
    <subfield code="d">2005-07-18</subfield>
    <subfield code="o">K 297.2 MAJ</subfield>
    <subfield code="p">A01088190</subfield>
    <subfield code="r">2018-05-09 00:00:00</subfield>
    <subfield code="y">B</subfield>
  </datafield>
  <datafield tag="952" ind1=" " ind2=" ">
    <subfield code="0">0</subfield>
    <subfield code="7">0</subfield>
    <subfield code="b">JT</subfield>
    <subfield code="c">K</subfield>
    <subfield code="d">2005-07-18</subfield>
    <subfield code="o">K 297.2 MAJ</subfield>
    <subfield code="p">A01088191</subfield>
    <subfield code="r">2018-05-09 00:00:00</subfield>
    <subfield code="y">B</subfield>
  </datafield>
  <datafield tag="952" ind1=" " ind2=" ">
    <subfield code="0">0</subfield>
    <subfield code="7">0</subfield>
    <subfield code="b">KM</subfield>
    <subfield code="c">K</subfield>
    <subfield code="d">2005-07-18</subfield>
    <subfield code="o">K 297.2 MAJ</subfield>
    <subfield code="p">A01088192</subfield>
    <subfield code="r">2018-05-09 00:00:00</subfield>
    <subfield code="y">B</subfield>
  </datafield>
  <datafield tag="952" ind1=" " ind2=" ">
    <subfield code="0">0</subfield>
    <subfield code="7">0</subfield>
    <subfield code="b">LW</subfield>
    <subfield code="c">K</subfield>
    <subfield code="d">2005-07-18</subfield>
    <subfield code="l">1</subfield>
    <subfield code="o">K 297.2 MAJ</subfield>
    <subfield code="p">A01088194</subfield>
    <subfield code="r">2024-10-17 12:06:07</subfield>
    <subfield code="s">2024-10-08</subfield>
    <subfield code="y">B</subfield>
  </datafield>
  <datafield tag="952" ind1=" " ind2=" ">
    <subfield code="0">0</subfield>
    <subfield code="7">0</subfield>
    <subfield code="b">YN</subfield>
    <subfield code="c">K</subfield>
    <subfield code="d">2005-07-18</subfield>
    <subfield code="o">K 297.2 MAJ</subfield>
    <subfield code="p">A01088195</subfield>
    <subfield code="r">2018-05-09 00:00:00</subfield>
    <subfield code="y">B</subfield>
  </datafield>
  <datafield tag="952" ind1=" " ind2=" ">
    <subfield code="0">0</subfield>
    <subfield code="7">0</subfield>
    <subfield code="b">BB</subfield>
    <subfield code="c">K</subfield>
    <subfield code="d">2005-07-18</subfield>
    <subfield code="o">K 297.2 MAJ</subfield>
    <subfield code="p">A01088196</subfield>
    <subfield code="r">2018-05-09 00:00:00</subfield>
    <subfield code="y">B</subfield>
  </datafield>
  <datafield tag="952" ind1=" " ind2=" ">
    <subfield code="0">0</subfield>
    <subfield code="7">0</subfield>
    <subfield code="b">PD35</subfield>
    <subfield code="c">K</subfield>
    <subfield code="d">2005-07-18</subfield>
    <subfield code="l">0</subfield>
    <subfield code="o">K 297.2 MAJ</subfield>
    <subfield code="p">A01088199</subfield>
    <subfield code="r">2018-05-09 00:00:00</subfield>
    <subfield code="y">B</subfield>
  </datafield>
  <datafield tag="952" ind1=" " ind2=" ">
    <subfield code="0">0</subfield>
    <subfield code="7">0</subfield>
    <subfield code="b">PD36</subfield>
    <subfield code="c">K</subfield>
    <subfield code="d">2005-07-18</subfield>
    <subfield code="l">0</subfield>
    <subfield code="o">K 297.2 MAJ</subfield>
    <subfield code="p">A01088200</subfield>
    <subfield code="r">2018-05-09 00:00:00</subfield>
    <subfield code="y">B</subfield>
  </datafield>
  <datafield tag="952" ind1=" " ind2=" ">
    <subfield code="0">0</subfield>
    <subfield code="7">0</subfield>
    <subfield code="b">PD37</subfield>
    <subfield code="c">K</subfield>
    <subfield code="d">2005-07-18</subfield>
    <subfield code="l">0</subfield>
    <subfield code="o">K 297.2 MAJ</subfield>
    <subfield code="p">A01088201</subfield>
    <subfield code="r">2018-05-09 00:00:00</subfield>
    <subfield code="y">B</subfield>
  </datafield>
  <datafield tag="952" ind1=" " ind2=" ">
    <subfield code="0">0</subfield>
    <subfield code="7">0</subfield>
    <subfield code="b">PD38</subfield>
    <subfield code="c">K</subfield>
    <subfield code="d">2005-07-18</subfield>
    <subfield code="l">0</subfield>
    <subfield code="o">K 297.2 MAJ</subfield>
    <subfield code="p">A01088202</subfield>
    <subfield code="r">2018-05-09 00:00:00</subfield>
    <subfield code="y">B</subfield>
  </datafield>
  <datafield tag="952" ind1=" " ind2=" ">
    <subfield code="0">0</subfield>
    <subfield code="7">0</subfield>
    <subfield code="b">PD39</subfield>
    <subfield code="c">K</subfield>
    <subfield code="d">2005-07-18</subfield>
    <subfield code="o">K 297.2 MAJ</subfield>
    <subfield code="p">A01088204</subfield>
    <subfield code="r">2018-05-09 00:00:00</subfield>
    <subfield code="y">B</subfield>
  </datafield>
  <datafield tag="952" ind1=" " ind2=" ">
    <subfield code="0">0</subfield>
    <subfield code="7">0</subfield>
    <subfield code="b">PD7</subfield>
    <subfield code="c">K</subfield>
    <subfield code="d">2005-07-18</subfield>
    <subfield code="l">0</subfield>
    <subfield code="o">K 297.2 MAJ</subfield>
    <subfield code="p">A01088205</subfield>
    <subfield code="r">2018-05-09 00:00:00</subfield>
    <subfield code="y">B</subfield>
  </datafield>
  <datafield tag="952" ind1=" " ind2=" ">
    <subfield code="0">0</subfield>
    <subfield code="7">0</subfield>
    <subfield code="b">PD11</subfield>
    <subfield code="c">K</subfield>
    <subfield code="d">2005-07-18</subfield>
    <subfield code="l">0</subfield>
    <subfield code="o">K 297.2 MAJ</subfield>
    <subfield code="p">A01088206</subfield>
    <subfield code="r">2018-05-09 00:00:00</subfield>
    <subfield code="y">B</subfield>
  </datafield>
  <datafield tag="952" ind1=" " ind2=" ">
    <subfield code="0">0</subfield>
    <subfield code="7">0</subfield>
    <subfield code="b">PD12</subfield>
    <subfield code="c">K</subfield>
    <subfield code="d">2005-07-18</subfield>
    <subfield code="l">0</subfield>
    <subfield code="o">K 297.2 MAJ</subfield>
    <subfield code="p">A01088207</subfield>
    <subfield code="r">2018-05-09 00:00:00</subfield>
    <subfield code="y">B</subfield>
  </datafield>
  <datafield tag="952" ind1=" " ind2=" ">
    <subfield code="0">0</subfield>
    <subfield code="7">0</subfield>
    <subfield code="b">PD20</subfield>
    <subfield code="c">K</subfield>
    <subfield code="d">2005-07-18</subfield>
    <subfield code="o">K 297.2 MAJ</subfield>
    <subfield code="p">A01088209</subfield>
    <subfield code="r">2018-05-09 00:00:00</subfield>
    <subfield code="y">B</subfield>
  </datafield>
</record>
